000 00678nam a22002297a 4500
999 _c10814
_d10814
003 AR-CdUCM
008 190402b ||||| |||| 00| 0 spa d
020 _a84--305-0731-0
040 _aMUNICIPALIDAD PROVINCIAL DEL CUSCO
_cBIBLIOTECA MUNICIPAL DEL CUSCO
082 _aEP / 372.64 /
_bK57
100 _aKipling, Rudyard
_926003
245 _aEl gato que va solo /
260 _aMadrid :
_bSusaeta,
_c1974.
300 _bIlustraciones,
_c27 cm.
440 _aColecciones Esmeralda
_927836
500 _aLibro sin numeración
505 _aContenido : Cuento /
650 _aEducación primaria
_91561
650 _aCuento
_94671
942 _2ddc
_cLIBROS
945 _arjall